000 00443nam a2200157 i 4500
001 75973
003 ES-MaACL
005 20230906172656.0
007 t|
008 040928s1901 fr ||||1| fre d
100 1 _aGsell, Stephane.
_960268
245 1 4 _aLes monuments antiques de l'Algerie /
_cpar Stephane Gsell.
260 _a[S.l. :
_bs.n.,
_c1901] (
_eTours :
_fDeslis Frères)
300 _a2 v ;
_c25 cm.
852 _aES-MaACL
_jF-6446-47
999 _c75973
_d75973